| 000 | 01004nam a2200241 i 4500 | ||
|---|---|---|---|
| 001 | 86262 | ||
| 003 | ES-MaACL | ||
| 005 | 20250823085847.0 | ||
| 007 | t| | ||
| 008 | 041221m20002001pr ||||1| spa d | ||
| 020 | _a0-8477-3610-5 | ||
| 080 | _a081 Hostos, Eugenio María de | ||
| 100 | 1 |
_aHostos, Eugenio María de, _d1839-1903 _964302 |
|
| 245 | 1 | 0 |
_aObras completas _b: (edición crítica) / _cEugenio María de Hostos. |
| 250 | _a1ª ed. | ||
| 260 |
_aSan Juan, Puerto Rico : _bInstituto de Estudios Hostosianos : _bUniversidad de Puerto Rico, _c2000-2001. |
||
| 300 |
_a3 v. : _bil. ; _c23 cm. |
||
| 505 | 8 | _aContiene: V. 5. América, T. II: Puerto Rico, Madre isla (Primera parte) -- V. 5. América, T. III: Puerto Rico, Madre isla (Segunda parte) -- V. IX. Filosofía, T. I: Tratado de moral | |
| 710 | 0 | 0 |
_aInstituto de Estudios Hostosianos (Puerto Rico) _94910 |
| 710 | 2 |
_aUniversidad de Puerto Rico _97273 |
|
| 852 |
_aES-MaACL _jP-1981 _bR.134851 |
||
| 999 |
_c86262 _d86262 |
||